000 00831nam a2200277 4500
001 1999
010 _a9789897112744
021 _aPT
_b542574/25
090 _a1999
100 _a20251121d2025 m||y0pory50030103ba
101 _apor
102 _aPT
200 _aEu que não conheci os homens
_fJacqueline Harpman
_gtrad. Maria de Fátima Carmo
205 _a1ª edição
210 _aPorto
_cLivros do Brasil
_d2025
215 _a202, [5] p.
_d24 cm
225 _aDois mundos
300 _aBMB-Registado
304 _aTít. orig.: Moi qui n'ai pas connu les hommes
606 _92875
_aLiteratura Belga em língua Francesa
606 _9779
_aRomance
675 _a821.133.1(493)-31
_vBMB
_zpor
700 _aHarpman
_bJacqueline
_f1929-2012
_92876
702 _aCarmo
_bMaria de Fátima
_4730
_91745
801 _aPT
_bBMB
_gRPC
990 _cLIVROS